000 00862cam a2200301 a 4500
005 20260322212035.0
008 data
010 _a 88144139
020 _a0945188013
020 _a0945188005
020 _a9780945188001
020 _a9780945188018
040 _aDLC
_cDLC
_dDLC
043 _an-us-az
050 0 0 _aCT274.W535
_bY67 1987
082 0 0 _a979.1/05/0922
_219
092 _a979.1 Y67 1987
100 1 _aYost, Billie Williams,
_d1907-
245 1 0 _aDiamonds in the desert :
_bthe family history of Bill and Gertie Williams /
_cBillie Williams Yost.
250 _a1st ed.
260 _aFlagstaff, Ariz. :
_bSilver Spruce Pub.,
_cc1987.
300 _ax, 204 p. ;
_c23 cm.
600 3 0 _aWilliams family.
600 1 0 _aYost, Billie Williams,
_d1907-
_xFamily.
650 0 _aTrading posts
_zArizona.
651 0 _aArizona
_xBiography.
001 data
999 _c817
_d817